Saranghae, Ana (Record no. 133161)

MARC details
000 -LEADER
fixed length control field 00776nam a2200277 i 4500
001 - CONTROL NUMBER
control field C2-0334728
003 - CONTROL NUMBER IDENTIFIER
control field PPAK
005 - DATE AND TIME OF LATEST TRANSACTION
control field 20180728134449.0
008 - FIXED-LENGTH DATA ELEMENTS--GENERAL INFORMATION
fixed length control field 151115s2014 my a|||| ||||| | may d
020 ## - INTERNATIONAL STANDARD BOOK NUMBER
International Standard Book Number 9789674490324
040 ## - CATALOGING SOURCE
Original cataloging agency PPAK
Language of cataloging eng
Transcribing agency PPAK
Description conventions rda
082 04 - DEWEY DECIMAL CLASSIFICATION NUMBER
Classification number 899.233
Edition number 23
090 00 - LOCALLY ASSIGNED LC-TYPE CALL NUMBER (OCLC); LOCAL CALL NUMBER (RLIN)
Classification number (OCLC) (R) ; Classification number, CALL (RLIN) (NR) 899.233
Feature heading NUR
Feature heading K
100 0# - MAIN ENTRY--PERSONAL NAME
Personal name Nur Shamsiah On,
Dates associated with a name 1973-
Relator term author
245 10 - TITLE STATEMENT
Title Saranghae, Ana
264 #1 - PRODUCTION, PUBLICATION, DISTRIBUTION, MANUFACTURE, AND COPYRIGHT NOTICE
Place of production, publication, distribution, manufacture Kuala Lumpur :
Name of producer, publisher, distributor, manufacturer Ana Muslim ,
Date of production, publication, distribution, manufacture, or copyright notice 2014
300 ## - PHYSICAL DESCRIPTION
Extent 128 pages :
Other physical details illustrations ;
Dimensions 17 cm
336 ## - CONTENT TYPE
Source rdacontent
Content type term text
337 ## - MEDIA TYPE
Source rdamedia
Media type term unmediated
338 ## - CARRIER TYPE
Source rdacarrier
Carrier type term volume
490 1# - SERIES STATEMENT
Series statement Siri Ana Muslim
650 10 - SUBJECT ADDED ENTRY--TOPICAL TERM
Topical term or geographic name entry element Children's stories, Malay. ; Malay fiction.
700 0# - ADDED ENTRY--PERSONAL NAME
Personal name Ecah,
Relator term editor
830 #0 - SERIES ADDED ENTRY--UNIFORM TITLE
Uniform title Siri Ana Muslim
942 ## - ADDED ENTRY ELEMENTS (KOHA)
-- dc
Koha item type Book
Holdings
Withdrawn Not for loan Current library Shelving location Date acquired Total Checkouts Full call number Barcode Date last seen Date last checked out Koha item type Checked out Total Renewals
    Perpustakaan Alor Setar Pinjaman Kanak-kanak 19/11/2015   K 899.233 NUR A01472752 09/05/2018   Book    
    Perpustakaan Bandar Baharu Pinjaman Kanak-kanak 19/11/2015 1 K 899.233 NUR A01472758 22/12/2019 04/12/2019 Book    
    Perpustakaan Jitra Pinjaman Kanak-kanak 19/11/2015 8 K 899.233 NUR A01472755 06/12/2025 29/11/2025 Book   1
    Perpustakaan Kulim Pinjaman Kanak-kanak 19/11/2015 11 K 899.233 NUR A01472756 21/02/2026 21/02/2026 Book 14/03/2026  
    Perpustakaan Langkawi Pinjaman Kanak-kanak 19/11/2015 3 K 899.233 NUR A01472754 12/08/2020 30/06/2020 Book   1
    Perpustakaan Merbok Pinjaman Kanak-kanak 19/11/2015 4 K 899.233 NUR A01472757 20/07/2024 29/06/2024 Book    
    Perpustakaan Sik Pinjaman Kanak-kanak 19/11/2015 2 K 899.233 NUR A01472759 11/01/2021 11/01/2021 Book 01/02/2021